Pravidlá počítačovej komunikácie informačných systémov v Slovenskej republike normy a skratky

Gespeichert in:
Bibliographische Detailangaben
1. Verfasser: Mozolíková, Margita
Weitere Verfasser: Mosný, Martin
Format: Buch
Sprache:Slowakisch
Veröffentlicht: Bratislava ELITA 1996
Schlagworte:
Tags: Tag hinzufügen
Keine Tags, Fügen Sie das erste Tag hinzu!

MARC

LEADER 00000nam a2200000 4500
001 c110074
005 20221123123944.5
020 |a 80-8044-013-1 
041 0 |a slo 
044 |a SK 
245 1 0 |a Pravidlá počítačovej komunikácie informačných systémov v Slovenskej republike  |b normy a skratky  |c Margita Mozolíková - Martin Mosný 
264 1 |a Bratislava  |b ELITA  |c 1996 
300 |a 175 s. 
610 2 0 |a komunikácia 
610 2 0 |a počítače 
610 2 0 |a systémy informačné 
610 2 0 |a normy 
610 2 0 |a komentáre 
610 2 0 |a modely 
610 2 0 |a analýzy 
610 2 0 |a modely matematicko-logické 
610 2 0 |a modelovanie 
610 2 0 |a teória a prax 
610 2 0 |a Zákon č. 261/1995 Z.z. 
610 2 0 |a Slovensko 
100 1 |a Mozolíková, Margita 
700 1 |a Mosný, Martin